00508nam a22001577a 450000500170000001000130001702000260003003500130005603700130006908200080008210000190009024500980010926000250020727000870023230000310031920190223144847.0 aB-713300 a9789332519787c450.00 aB-713300 bRK Books a340 aBhardwaj, A.P. aLegal Aptitude for the CLAT and other LAW entrance examinations:ba workbook /cA.P. Bhardwaj aNoidabPearsonc2018 a15th Floor, Tower-B, World Trade Tower, Plot No.1, Sector 16bNoida (U.P.)e201301 avarious pagingsc23cm(pbk)